000 00919nam a2200277 4500
003 OSt
005 20260601171001.0
008 260422b2013\\\\mx\a||||\||||\00|\0\spa\d
020 _a97829296339761
040 _aICI
_bspa
_cICI
050 _aHT166
_bL87 2013
100 1 _aOnnis Luque,
_931401
245 1 _aUSFDF :
_btácticas de apropiación : Unidad Santa Fe /
_cOnnis Luque.
264 _bFONCA :
_bCONACULTA,
_c2013.
_aMéxico :
300 _a126 páginas
_c23cm.
336 _atexto
_2rdacontent
337 _asin medio
_2rdamedia
338 _avolumen
_2rdacarrier
500 _aObra sobre intervenciones y apropiación del espacio urbano en la Unidad Santa Fe.
650 0 _aEspacio urbano
_xUso.
_931402
650 0 _aUrbanismo
_xAspectos sociales.
650 0 _aIntervenciones urbanas.
_931404
650 0 _aArte y sociedad.
_91426
651 0 _aCiudad de México
_xVida urbana.
_931405
942 _2lcc
_cB
_n1
999 _c20065
_d20065